| 000 | 00956nam2a22002771 4500 | ||
|---|---|---|---|
| 001 | RU\NLR\INFOCOMM\LIB\32683 | ||
| 005 | 20250617205658.0 | ||
| 035 | _a(NLR Aleph) 004303530 | ||
| 090 |
_a2637236 _c2637236 |
||
| 100 | _a20010904d1965 |||y0rusy50 ca | ||
| 101 | 0 | _afin | |
| 102 | _aRU | ||
| 105 | _ay ||||000ay | ||
| 200 | 1 |
_aMuistelmat, kulttuurikuvat, tunnustukset _bМикрофильм _e1878-1901 _ftoim. AarreM. Peltonen |
|
| 210 |
_aHelsinki _cOtava _d1965 |
||
| 215 | _a591 с. | ||
| 300 | _aНа обл.только частн.загл.тома | ||
| 461 | 0 |
_1001RU\NLR\IC3\00826 _12001#$aEino Leinon teokset$fEino Leino$gtoim. Aarre M. Peltonen$v5$90 _1700#1$3RU\NLR\AUTH\770264521$aLeino$gEino$f1878-1926$bE.$4070 |
|
| 702 | 1 |
_aPeltonen _bA. M. _f1920-1991 _gAarre M. _4340 |
|
| 801 | 1 |
_aRU _bInfoComm _c20010904 |
|
| 801 | 0 |
_aRU _bNLR _gPSBO |
|
| 852 |
_aNLR _bМф _jК-3/6009 |
||
| 942 | _cBOOK | ||
| 980 | _aNB | ||